000 00301nam a2200133Ia 4500
100 _aHunt/Roger./ Shelley
942 _cBK
654 _acomputers
245 _aComputers and commonsense
260 _bprentice hall
_aNew Delhi
_c1986
082 _a1.64
_bHUN/SHA
300 _a175
546 _aENGLISH
999 _c30478
_d30478